00461nam a2200193 a 4500001001300000003000900013005001700022008004100039020001000080082001800090100001400108245002900122260002200151300000800173500003500181505001900216650001800235700001400253nice12345678IN_TiNIC20260116011842.0050524s1928 egya grs 000 0 03g  ac10000a220.9505bGLO aGlover, R aTamthal-Ur-Ra`i-Us-Salih aEgyptbSpckc1928 a30p aincludes index and biblioraphy2 aReserve copies aBible Stories1 aGlover, R